| 000 | 00429nam a22001697a 4500 | ||
|---|---|---|---|
| 003 | NUST - PNEC | ||
| 005 | 20170116180834.0 | ||
| 008 | 150804b xxu||||| |||| 00| 0 eng d | ||
| 020 | _a- | ||
| 040 | _cLIBRARY | ||
| 082 | _a517 MAR | ||
| 100 |
_94855 _aMarcus, Marvin |
||
| 245 |
_aElementary functions and coordinate geometry _cMarvin Marcus |
||
| 260 | _cc1969. | ||
| 650 |
_94857 _aGeometry analysis _xME |
||
| 942 |
_2ddc _cBK |
||
| 999 |
_c64151 _d64151 |
||